| 000 | 01208nam0a22002891 4500 | ||
|---|---|---|---|
| 001 | v19\rc\1343987 | ||
| 005 | 20260405135821.0 | ||
| 035 | _a(NLR Aleph) 005205473 | ||
| 090 |
_a5353555 _c5353555 |
||
| 100 | _a20060512e18601860|||y0rusy50 ca | ||
| 101 | 0 | _arus | |
| 102 | _aRU | ||
| 105 | _aa z ||||| | ||
| 200 | 1 |
_aВозможность заменить винтовой движитель иным, более выгодным и безвредным _fСт. Бурачек |
|
| 210 |
_aСанкт-Петербург _cтип. Мор. м-ва _d1860 |
||
| 215 |
_a[2], 56 с., 3 л. ил. _cчерт. _d24 |
||
| 311 | _aИз "Морского сб.", 1860 г., № 5-6 | ||
| 488 | 0 |
_12001#$aМорской сборник$v1860, № 5-6 _tМорской сборник |
|
| 700 | 1 |
_8rus _7ca _aБурачек _bС. О. _f1800-1876 _gСтепан Онисимович _3RU\NLR\AUTH\7756164 _939096 |
|
| 790 | 1 |
_aБурачок _bС.А. _f1800-1876 _gСтепан Анисимович |
|
| 801 | 0 |
_aRU _bNLR _c20060512 _gpsbo |
|
| 801 | 0 |
_aRU _bRuMoRGB _c20060512 _2psbo |
|
| 801 | 1 |
_aRU _bProSoft-M _c20060512 _2rusmarc |
|
| 801 | 2 |
_aRU _bNLR _c20070920 _2rusmarc |
|
| 852 |
_aNLR _j18.97.1.127 |
||
| 942 | _cBOOK | ||
| 980 | _aNB | ||